[Event "Merida 2nd"]
[Site "Merida"]
[Date "2001.05.17"]
[Round "2"]
[White "Short, Nigel D"]
[Black "Khalifman, Alexander"]
[Result "1-0"]
[WhiteElo "2676"]
[BlackElo "2690"]
[Annotator "Lukacs,P"]
[PlyCount "81"]
[EventDate "2001.05.13"]
[EventType "tourn"]
[EventRounds "6"]
[EventCountry "MEX"]
[EventCategory "18"]
[SourceTitle "CBM 084"]
[Source "ChessBase"]
[SourceDate "2001.09.13"]
[SourceVersion "1"]
[SourceVersionDate "2001.09.13"]
[SourceQuality "1"]

1. e4 c6 2. Nf3 d5 3. Nc3 Bg4 4. h3 Bh5 5. d4 $5 {This is a rare continuation
and not without reason.} e6 (5... dxe4 6. Nxe4 Bxf3 $5 (6... e6 7. Be2 (7. Bd3
Nd7 8. O-O Ngf6 9. c3 {looks also logical}) 7... Bg6 8. Nc3 {The N is not
well-placed here.} Nd7 9. Bf4 Ngf6 10. O-O Bb4 $5 $11 (10... Be7 11. Re1 O-O
12. Nh4 Nd5 13. Nxg6 hxg6 14. Nxd5 cxd5 15. c3 {/\ Bd3, Qg4 with some chances
for a >> ->.} Nb6 16. Bd3 Bd6 17. Bxd6 Qxd6 18. Qg4 $14 {Kujpers-Simagin,
Alekhine mem 1963})) 7. Qxf3 Qxd4 {Black takes up the gauntlet, in semi-opened
openings the P sacrifice for development is less dangerous than in the open
ones.} 8. Be3 $142 (8. Bd3 Nd7 9. O-O Ngf6 10. c3 Qb6 11. Be3 Qc7 12. Nxf6+
gxf6 13. Qe2 e6 $15 {Leroy-Vasquez, 1990}) 8... Qxb2 9. Bc4 Qb4+ (9... Nf6 10.
O-O Nbd7 11. Rab1 $44) 10. Nd2 e6 (10... Nf6 11. Rb1 Qd6 12. Rxb7 Nbd7 13. O-O
Ne5 14. Qe2 e6 {(Short-Adianto, Internet blitz 2000)} 15. Bf4 $1 Nfd7 16. Rxd7
$18) 11. Rb1 Qe7 12. Ne4 $44 {with a big lead of development for the pawns.})
6. Bd3 (6. g4 Bg6 7. Ne5 Nd7 8. Nxg6 hxg6 {Black is usually not sad, if his
light-squared B will leave the board.} 9. Bg2 dxe4 10. O-O Qc7 11. Nxe4 Ngf6
12. Ng3 Nb6 13. b3 O-O-O 14. c4 Bc5 15. Be3 Bxd4 16. Bxd4 c5 17. Ne2 cxd4 18.
c5 Nbd5 19. Qxd4 g5 $13 {Planinec-J.Nikolac, Zagreb 1975}) (6. Be3 Nf6 7. exd5
cxd5 {Now White's pieces are not working harmoniously together.} 8. a3 Nc6 9.
Be2 Be7 10. O-O Bxf3 11. Bxf3 O-O 12. Be2 Rc8 13. Qd3 Ne8 14. Rae1 Nd6 $15 {
Rivas Pastor-Magem Badals, Pamplona 1994}) (6. exd5 cxd5 7. g4 {is the most
aggressive try, but Black has rich defensive resources.} Bg6 8. Ne5 (8. h4 Nc6
9. h5 Be4 10. Rh3 Bxf3 11. Rxf3 Nf6 12. Rh3 Bb4 $13 {S.Djuric-Nanneli,
Montecatini Terme 1994}) 8... Nc6 9. h4 Nxe5 10. dxe5 Bb4 11. h5 Be4 12. Rh3 d4
13. a3 Ba5 14. b4 dxc3 15. bxa5 Qxa5 16. Qd4 Bc6 17. Qxc3 Qxc3+ 18. Rxc3 Ne7
$11 {Ghinda-Lobron, Luzern 1982}) 6... Nf6 7. e5 (7. O-O Be7 (7... Bb4 8. e5
Nfd7 {with a comfortable French type of position, where the B is on h5 instead
of c8.} 9. g4 Bg6 10. Ng5 {/\ f4} Be7 11. f4 c5 12. Nf3 {(Chernyshov-Von
Herman, Berlin 1995)} Bxd3 13. Qxd3 Nc6) 8. Be3 (8. e5 Nfd7) 8... dxe4 9. Nxe4
Nxe4 10. Bxe4 Nd7 11. c3 Nf6 12. Bd3 O-O 13. Be2 {This type of position cannot
yield any advantage for White.} Qc7 14. Ne5 Bxe2 15. Qxe2 Nd7 $11 {
Markowski-Mitura, Wisla 1992}) 7... Nfd7 8. g4 ({On} 8. O-O c5 {/\ Nc6 is the
typical "French" blow.}) 8... Bg6 9. Bxg6 hxg6 {Black has exchanged his bad B,
and has a good "French".} 10. Ne2 {/\ c3 in order to defend >< d4.} c5 11. c3
Nc6 12. Kf1 {/\ Kg2} Be7 (12... cxd4 {looks also promising, for example:} 13.
cxd4 Rc8 14. Kg2 Be7 15. Be3 Nb6 16. b3 Ba3 $15) 13. Kg2 Qb6 ({or simply} 13...
Rc8) 14. Rb1 a5 15. Be3 a4 {Black wants to insert pressure on the weakened
light squares.} 16. Nf4 Qa6 17. h4 a3 {Black will soon regret this move,
although there is no problem yet in his position.} (17... Rc8 {was useful
again.}) 18. b3 {It is hard to believe here, that the P on a3 will become a
vulnerable target!} cxd4 19. cxd4 Nb4 20. Qd2 O-O-O $2 {This runs into a
tactical skirmish.} (20... Rc8 {was the safest option again.} 21. Rbc1 Rc6 $15)
21. Ng5 $1 Bxg5 (21... Rhf8 22. Rbc1+ Kb8 23. Ngxe6 $1 fxe6 24. Nxg6 $16 {
and the b4 N is hanging.}) 22. hxg5 Rxh1 $2 {giving up the h <-> deliberately
is erroneous.} (22... Nc6 {was still playable.} 23. Rxh8 (23. Rhc1 Kb8 24. b4
Qb5 {blockading the << just in time.} 25. Qc3 Rh4 26. Kg3 Rdh8 27. Qxa3 f6 $1
$132 {and suddenly Black has a counterattack on the >>.}) 23... Rxh8 24. b4 Na7
25. Qc3+ Kb8 26. b5 Qa4 (26... Nxb5 $2 27. Qb4 Nc7 28. Qe7 $16 {with
penetration.}) 27. b6 (27. Rb3 Nb6 {>< c4} 28. Nd3 Rc8 29. Nc5 Qc4) 27... Nc6
28. Rb3 Rc8 (28... Qc4 $5 29. Rxa3 Qxc3 30. Rxc3 Nxb6) 29. Rxa3 Qd1 30. f3 (30.
Ra8+ Kxa8 31. Qa3+ Kb8 32. Qd6+ $11) 30... Rh8 31. Bg1 Nxb6 $13 {and the N on
c4 will be a superpower.}) 23. Rxh1 Nc6 24. Nd3 Kb8 25. Rh3 ({missing the
forced} 25. Rh7 $1 Rg8 26. Nb4 $1 Qb5 27. Nxc6+ bxc6 28. Qc3 Kc7 29. b4 $1 Qa4
30. b5 $1 $18 {and the penetration of the white Q is inevitable.}) 25... Qb5
26. Rf3 $1 (26. Rh7 {can be parried now by} Rg8 27. Qc3 (27. Nf4 Nf8 28. Rh1
Nd7) 27... Rc8 $1 $11) 26... Rf8 27. Qd1 Qa6 28. Ne1 $1 {/\ Nc2 >< a3} f6 (
28... Nb4 29. Bc1 $5 ({or simply} 29. Bd2 Nc6 30. Nc2 $16) 29... Nxa2 (29... f6
30. exf6 gxf6 31. gxf6 Rxf6 (31... Nxa2 32. Bf4+ Ka8 33. Qd2 $18 {and the
greedy N is trapped.}) 32. Rxf6 Nxf6 33. Qd2 $18 {with doble ->.}) 30. Bd2 $1
Qb5 31. b4 $1 $18) (28... Ka8 {leaves the h2-b8 /^ in case of a later f7-f6.}
29. Bc1 $16 {>< a3}) 29. gxf6 gxf6 30. exf6 Rxf6 31. Nc2 (31. Rxf6 Nxf6 32. Qf3
Ne4 33. Qf8+ Ka7 34. Nf3 $16 {>< g6}) 31... Ka8 (31... e5 {founders on the pin
after} 32. Rxf6 Nxf6 33. dxe5 Nxe5 34. Bf4 $18) 32. Rh3 Rf8 33. Bh6 $1 {
and the R has to decide where to go.} (33. Bc1 Rc8 34. Bxa3 e5 35. dxe5 Ncxe5
$14) 33... Rf7 (33... Rh8 34. b4 $1 {and finally >< a3 falls.} Na7 (34... Qc4
35. Rxa3+ Kb8 36. Bf4+ e5 37. Bg3 $18) 35. Rxa3 $1 (35. Nxa3 Rxh6 36. Rxh6 Qxa3
37. Qe2 Nc6 38. Qxe6 Nb6) 35... Qd6 36. Qd2 Nb6 37. Rh3 Nc4 38. Qg5 $18) 34.
Re3 {Black has too many weaknesses (>< a3, e6, g6) and a passive position. The
position is probably lost already.} e5 (34... Rh7 35. Bf4 Na7 (35... Rf7 36. b4
$18) 36. b4 Nb5 (36... Nf6 37. Nxa3 $18) 37. Qd3 $18) 35. dxe5 Ndxe5 36. Qxd5
$18 Rd7 37. Qe4 Rd1 38. Re1 Rd8 39. Bg5 Rf8 40. Re3 Qb5 41. Nxa3 1-0

[Event "Moscow FIDE GP"]
[Site "Moscow"]
[Date "2017.05.16"]
[Round "5"]
[White "Vachier Lagrave, Maxime"]
[Black "Salem, AR Saleh"]
[Result "1-0"]
[WhiteElo "2795"]
[BlackElo "2633"]
[Annotator "Mekhitarian,K"]
[PlyCount "71"]
[EventDate "2017.05.12"]
[EventType "swiss"]
[EventRounds "9"]
[EventCountry "RUS"]
[SourceTitle "CBM 179"]
[Source "ChessBase"]
[SourceDate "2017.07.12"]
[SourceVersion "1"]
[SourceVersionDate "2017.07.12"]
[SourceQuality "1"]

1. e4 c6 2. Nf3 d5 3. Nc3 dxe4 4. Nxe4 Nf6 5. Qe2 $5 (5. Nxf6+ {is the normal
move, but MVL didn't want to allow free development for Black, as normally
happens after 5...exf6} exf6 {White achieves a better endgame structure 
(because of the potential to create a passed pawn on the kingside, opposed to
the impossibility of the same for Black, because of the doubled pawns). But
Black has been doing fine here, since there are still many pieces. For example:
} 6. d4 Bd6 7. Bd3 O-O 8. O-O Re8 9. Nh4 g6 10. Bh6 c5 11. dxc5 Bxc5 12. Re1
Be6 13. Be3 Bxe3 14. Rxe3 Nc6 $15 {½-½ (59) Antipov,M (2580)-Yu,Y (2738)
Caleta 2017, and Black even achieved a small initiative already, because of
some careless play by White.}) 5... Nxe4 (5... Bf5 $5 {was played by Anand
recently in the Leuven Grand Chess Tour (blitz portion) against MVL} 6. Nxf6+ (
6. d3 $5) 6... gxf6 {now Black is forced to take with the g-pawn} 7. d3 Nd7 8.
g3 Ne5 9. Nxe5 Qa5+ 10. Bd2 Qxe5 11. Qxe5 fxe5 12. Bg2 f6 13. O-O Bg6 14. Rae1
$14 {0-1 (50) Vachier-Lagrave,M (2783)-Anand,V (2775) Leuven 2017}) 6. Qxe4 Qd5
7. Qh4 {has been the 'fashion' in this position recently.} Qe6+ {Forcing the
queen exchange, but staying behind in development anyway.} (7... Bf5 {was
played against the very creative Chinese GM Lu Shanglei} 8. Bc4 Qd6 9. d3 e6
10. Bf4 $1 Qb4+ 11. Bd2 Qxb2 12. O-O b5 13. Rab1 Qa3 14. Nd4 $5 Be7 15. Qg3 O-O
16. Nxf5 exf5 17. Bb3 Qd6 18. Qf3 Qf6 19. a4 $36 {1-0 (40) Lu,S (2620)-Fang,Y 
(2447) Xinghua 2017, with decent compensation for the material.}) 8. Be2 Qg4 9.
Qg3 Qxg3 10. hxg3 Bf5 $6 (10... c5 11. d4 $1 {opening up the position as much
as possible} e6 12. Be3 Nd7 13. O-O-O a6 14. d5 exd5 15. Rxd5 Nf6 16. Re5+ Be6
17. Bxc5 (17. Ng5 $5) 17... Ng4 18. Bxf8 Kxf8 19. Reh5 Nxf2 20. Rxh7 Rxh7 21.
Rxh7 $16 {1-0 (38) Bacrot,E (2691)-Kreisl,R (2448) Novi Sad 2016, White went
on to win, a safe pawn up.}) (10... g6 $1 {stopping b3, could have been a good
suggestion for Black} 11. d4 (11. Ng5 {trying to provoke f6, doesn't seem to
work} Bg7 $1 12. Rxh7 $2 (12. Bc4 e6 {Black must have a reasonable postion
here, with ...h6}) 12... Rxh7 13. Nxh7 f6 $17 {has to be bad for White}) 11...
Bg7 12. Bh6 $14 {with a small advantage for White.}) 11. b3 $1 a5 $2 {Too slow
and not really helping where the main battle will take place - in the centre
and on the kingside.} (11... Bxc2 $2 12. d3 $18 {and the bishop is trapped}) (
11... Nd7 {was seen in a game between two Indian players, 13 days after this
encounter. That shows some hard work!} 12. Bb2 e6 $5 {was a playable idea} (
12... Nf6 13. O-O-O g6 14. Ng5 b5 15. Bf3 Rc8 16. Rde1 Bg7 17. Nxh7 $1 Rxh7 18.
Rxh7 Nxh7 19. Bxg7 f6 20. g4 Bd7 21. Bh6 g5 22. Be4 Kf7 23. Bxh7 Rh8 24. Bxg5
Rxh7 25. Be3 Bxg4 26. Bxa7 $18 {1-0 (35) Nitin,S (2426)-Ravi,T (2369)
Bhubaneswar 2017, with a won endgame.}) 13. O-O-O (13. Nh4 $6 Bxc2 $1 14. d3
Nc5 15. Kd2 $2 Bxd3 16. Bxd3 O-O-O $19) 13... h6 {preparing ...Rg8 and 0-0-0 
(otherwise Nh4 would be strong). I still believe White's initiative is strong,
but for now Black is holding} 14. Rde1 Rg8 15. Nd4 Bg6 (15... Bh7 $2 16. Bh5 $1
$16) 16. f4 O-O-O 17. g4 $14 {with better prospects for White.}) 12. Bb2 h6 13.
O-O-O a4 14. Nd4 $1 Bc8 (14... Bg6 15. f4 $1 e6 16. g4 $16 {is just horrible
for Black.}) 15. Rde1 $1 axb3 16. axb3 {Black lost two tempi in order to play
a5-a4, and meanwhile White was able to mobilise all his forces in the centre.}
Nd7 17. Nf5 Nf6 18. g4 Be6 (18... Bxf5 19. gxf5 $16 {looks very depressing for
Black, with the bishop on f8.}) 19. f4 Rg8 {Something clearly went wrong for
Black, White has all the trumps in the position.} 20. Ne3 g6 (20... Nd5 21. f5
$1 Bd7 22. Nxd5 cxd5 23. Bf3 Bc6 24. Re2 $16 {and Black has problems
developing.}) 21. f5 gxf5 22. gxf5 Bd7 23. Bf3 Kd8 24. Bd4 Bg7 25. Kb2 Ne8 (
25... Nh7 $5 26. Bxg7 Rxg7 27. Rxh6 Kc7 $16 {trying to defend a pawn down,
with a weakness on f5, and the knight possibly coming to either f6 or g5.}) 26.
Bxg7 Nxg7 27. f6 $5 (27. g4 $5 {was also attractive} h5 28. gxh5 Nxf5 29. h6
Nxe3 30. h7 $1 Rh8 31. dxe3 Bf5 32. Reg1 Bg6 33. Be2 $1 {to remove the
blockade from g6} e6 (33... Kd7 34. Bd3 Bxd3 35. cxd3 $16 {looks very good for
White}) 34. Bd3 Bxd3 35. Rg8+ Ke7 36. Rxa8 Rxa8 37. h8=Q Rxh8 38. Rxh8 $16 {
should be very difficult for Black.}) 27... exf6 28. Rxh6 $16 Ne8 29. d4 Kc7
30. d5 {White still wants to open more lines. Salem had to be careful now.} Rg5
(30... Nd6 $5 31. Rxf6 Rae8 {trying to activate somehow.}) 31. Rd1 Ra6 32. b4
Nd6 (32... b5 $1 {with the idea to play ...Re5 and Nd6-Nc4+ at some point.} 33.
Rd3 {anticipating ...Re5} Re5 34. c4 bxc4 35. Nxc4 Rg5 {every pawn exchange
favours Black here} 36. d6+ $5 (36. dxc6 Bxc6 $16 {should give Black very good
drawing chances}) 36... Kd8 37. Ra3 Rxa3 38. Kxa3 Rg8 $16 {threatening ...Be6,
and once again Black has chances.}) 33. Rxf6 cxd5 34. Rxd5 Rxd5 $6 (34... Rg8 {
would be a painful and endless suffering, but it was possible to have hope,
with the reduced number of pawns} 35. Rf4 {preparing c4} Re8 $16 {and Black is
still playing.}) (34... Nc4+ {right away also doesn't work} 35. Nxc4 Rxf6 (
35... Rxd5 36. Rxa6 bxa6 (36... Rd4 37. Kc3 {is the simplest} Rxc4+ 38. Kxc4
bxa6 39. Kc5 $18 {with an easy win}) 37. Bxd5 $18) 36. Rxg5 $18) 35. Bxd5 {
[%csl Rf7]} Nc4+ $4 {Maybe Black was very short on time, which is realistic,
because we are approaching move 40. If White doesn't have 36.Bxc4 winning,
then he is simply lost! In such cases, if you have time and find a winning
shot, it's advisable to check it more than once, because your opponent may
have set a trap!} (35... Kd8 {was needed, but it's a difficult position after
Rf4, followed by c4.} 36. Rf4 Be6 37. c4 $16) 36. Bxc4 $1 {And the fork on d5
decides the game.} 1-0

[Event "EU-ch 15th"]
[Site "Yerevan"]
[Date "2014.03.08"]
[Round "6"]
[White "Motylev, Alexander"]
[Black "Riazantsev, Alexander"]
[Result "1-0"]
[WhiteElo "2656"]
[BlackElo "2689"]
[Annotator "Motylev,A"]
[PlyCount "51"]
[EventDate "2014.03.03"]
[EventType "swiss"]
[EventRounds "11"]
[EventCountry "ARM"]
[SourceTitle "CBM 160"]
[Source "ChessBase"]
[SourceDate "2014.05.15"]
[SourceVersion "1"]
[SourceVersionDate "2014.05.15"]
[SourceQuality "1"]

1. e4 c6 {This is a signatue opening of Alexander Riazantsev. This time I
wanted to avoid a deep theoretical battle and tried to surprise my opponent.}
2. Nc3 d5 3. Nf3 {This is, of course, a very well known system, but many
people consider it as quite harmless and do not study it thoroughly. I have
played this line a few times for the black side and realised that playing the
resulting positions "over the board" is not an easy thing at all.} Bg4 {
The most solid continuation.} 4. h3 Bxf3 5. Qxf3 e6 6. d3 Nf6 7. Bd2 Bd6 {
These moves already took about 20 minutes of Black's time. So I became
convinced about the correctness of my opening choice.} 8. g4 $5 (8. O-O-O {
was also possible, but I wanted to start operations on the kingside
immediately.}) 8... Bb4 $5 {It looks that Black just lost a tempo, but it's
not so easy because now the usual white reaction (e4-e5) doesn't make any
sense.} 9. a3 Ba5 10. g5 Nfd7 11. d4 $1 {I think this strong move provides a
slight advantage to White. Otherwise Black would have exchanged the
dark-coloured bishops by playing 11...d4.} O-O 12. O-O-O e5 $2 {Black chose
the wrong way to destroy White's pawn centre.} ({While Alexander had fallen
into deep thought, I was thinking how to react to} 12... c5 $1 {.} 13. exd5 {
looks more or less forced} cxd4 {And here White has a wide choice -} {The most
natural and strongest is} 14. Ne4 {but White has to foresee the 15.Nf6+!
resource after 14...exd5} (14. dxe6 dxc3 {looks bad}) (14. Ne2 Bxd2+ 15. Rxd2
e5 16. h4 Nb6 {is unclear}) ({Houdini suggests the cold-blooded} 14. Nb1 {
and after} Bxd2+ 15. Nxd2 {it transposes to the Ne4 line}) 14... Bxd2+ (14...
exd5 15. Nf6+ $1 gxf6 16. Bxa5 Qxa5 17. Bd3 Re8 18. Qh5 $36 ({or} 18. gxf6))
15. Nxd2 exd5 16. Qxd5 Nc6 17. Nb3 Nde5 18. Qxd8 Raxd8 {and White has a slight
plus in the endgame.}) 13. dxe5 $1 d4 14. Ne2 Bxd2+ 15. Rxd2 Qxg5 {This is all
more or less forced.} ({Black could have tried} 15... c5 $5 {but it is
unlikely that any human could leave White such strong pawns.} {White is better
after both} 16. Qb3 ({and} 16. Qg3 Nc6 17. f4) 16... Qxg5 17. f4) 16. Nxd4 $1 {
I was quite happy here to have such a pleasant position and 50 minutes up on
my opponent. All the previous moves were quite natural for White so I could
really play them automatically.} (16. Rg1 {would be a mistake in view of} Nxe5
$1) 16... Qxe5 {A difficult decision.} ({Black's main problem is that after} 
16... Nxe5 {White has the very strong} 17. Qf5 $1 Qe7 ({the endgame after} 
17... Qxf5 18. Nxf5 {is just terrible for Black mainly because of the knight
on b8} g6 19. Nd6) 18. f4 $16) 17. Nf5 Nf6 {My Houdini 4 considers this
position just winning for White with almost any move - Bc4, Qe3, Rg1. I don't
have any reason not to trust him here, but sometimes his evaluations look a
bit over optimistic.} 18. Qg2 $2 {I found an idea with the transfer of the
queen to g5 and followed it.} g6 19. Qg5 Re8 $2 {This is very tempting, of
course, to clear the space near the black king and put pressure on the e4-pawn.
} ({But it was much more important to get the knight on b8 into the game:} 
19... Nbd7 $1 {and after} 20. Bg2 {White is better but it is still game on} (
20. Qh6 $4 {just loses after} Nxe4 $1)) 20. f3 $1 {I spent 40 minutes here to
find this very strong and probably just winning move. Other tempting
continuations don't give anything to White.} (20. Rd8 $6 Nbd7) (20. Qh6 $4 Nxe4
) (20. f4 $2 Nxe4) (20. Bc4 $2 Nxe4) 20... Kh8 21. Rg1 Ng8 ({Also totally
hopeless was} 21... Nbd7 22. Bc4 Rf8 23. Ba2 $18) 22. Nd6 $5 Qxg5 23. Rxg5 Re7
{Here many ways lead to the win but White finishes nicely.} 24. Re5 $1 Rc7 (
24... Rxe5 {doesn't change anything:} 25. Nxf7+ Kg7 26. Nxe5 Kf6 27. Rd8 $18)
25. Re8 $1 b5 (25... Kg7 26. Nf5+ $1 $18) 26. Nf5 $1 1-0